Dispute resolution : (Record no. 10224)
[ view plain ]
| 000 -LEADER | |
|---|---|
| fixed length control field | 00940cam a22002652 4500 |
| 001 - CONTROL NUMBER | |
| control field | 0000024330 |
| 005 - DATE AND TIME OF LATEST TRANSACTION | |
| control field | 20151217152259.0 |
| 008 - FIXED-LENGTH DATA ELEMENTS--GENERAL INFORMATION | |
| fixed length control field | 130718s xx 000 0 eng d |
| 020 ## - INTERNATIONAL STANDARD BOOK NUMBER | |
| International Standard Book Number | 0735507104 : |
| 040 ## - CATALOGING SOURCE | |
| Original cataloging agency | KABU |
| Transcribing agency | KABU |
| 050 #0 - LIBRARY OF CONGRESS CALL NUMBER | |
| Classification number | KF9084 |
| Item number | .G65 2012 |
| 100 1# - MAIN ENTRY--PERSONAL NAME | |
| Personal name | Goldberg, Stephen B. |
| -- | 0000153402 |
| 245 10 - TITLE STATEMENT | |
| Title | Dispute resolution : |
| Remainder of title | negotiation, mediation and other processes / |
| Statement of responsibility, etc. | S. B. Goldberg ... [et al.]. |
| 250 ## - EDITION STATEMENT | |
| Edition statement | 6th ed. |
| 260 ## - PUBLICATION, DISTRIBUTION, ETC. (IMPRINT) | |
| Place of publication, distribution, etc. | New York : |
| Name of publisher, distributor, etc. | Wolters Cluwer, |
| Date of publication, distribution, etc. | 2012. |
| 300 ## - PHYSICAL DESCRIPTION | |
| Extent | xxvii, 701 p. |
| 650 #0 - SUBJECT ADDED ENTRY--TOPICAL TERM | |
| Topical term or geographic name as entry element | Dispute resolution (Law) |
| Geographic subdivision | United States. |
| -- | 0000153403 |
| 700 1# - ADDED ENTRY--PERSONAL NAME | |
| Personal name | Sander, Frank E. A. |
| -- | 0000153404 |
| 700 1# - ADDED ENTRY--PERSONAL NAME | |
| Personal name | Rogers, Nancy H. |
| -- | 0000153405 |
| 852 1# - LOCATION | |
| -- | p22100 KES |
| 852 1# - LOCATION | |
| -- | p22100 KES |
| 852 1# - LOCATION | |
| -- | p22100 KES |
| 908 ## - PUT COMMAND PARAMETER (RLIN) | |
| Put command parameter | 130718 |
| 950 ## - LOCAL HOLDINGS (RLIN) | |
| -- | 1 |
| Withdrawn status | Lost status | Source of classification or shelving scheme | Not for loan | Home library | Current library | Date acquired | Total Checkouts | Full call number | Barcode | Date last seen | Price effective from | Koha item type | Date last checked out |
|---|---|---|---|---|---|---|---|---|---|---|---|---|---|
| Library of Congress Classification | Kabarak, Main Campus | Kabarak, Main Campus | 17/12/2015 | KF9084 .G65 2012 c. 2 | 016040 | 17/12/2015 | 17/12/2015 | General Collection | |||||
| Library of Congress Classification | Kabarak, Main Campus | Kabarak, Main Campus | 17/12/2015 | KF9084 .G65 2012 c. 3 | 016041 | 17/12/2015 | 17/12/2015 | General Collection | |||||
| Library of Congress Classification | Kabarak, Main Campus | Kabarak, Main Campus | 17/12/2015 | KF9084 .G65 2012 c. 4 | 016042 | 17/12/2015 | 17/12/2015 | General Collection | |||||
| Library of Congress Classification | Kabarak, Main Campus | Kabarak, Main Campus | 17/12/2015 | 1 | KF9084 .G65 2012 c. 5 | 016043 | 04/08/2022 | 17/12/2015 | General Collection | 09/06/2022 | |||
| Library of Congress Classification | Kabarak, Main Campus | Kabarak, Main Campus | 17/12/2015 | KF9084 .G65 2012 c. 6 | 021421 | 17/12/2015 | 17/12/2015 | General Collection | |||||
| Library of Congress Classification | Kabarak, Main Campus | Kabarak, Main Campus | 17/12/2015 | KF9084 .G65 2012 c. 8 | 021423 | 17/12/2015 | 17/12/2015 | General Collection | |||||
| Library of Congress Classification | Kabarak, Main Campus | Kabarak, Main Campus | 17/12/2015 | KF9084 .G65 2012 c. 9 | 021422 | 17/12/2015 | 17/12/2015 | General Collection | |||||
| Library of Congress Classification | Kabarak, Main Campus | Kabarak, Main Campus | 17/12/2015 | KF9084 .G65 2012 c. 10 | 021420 | 17/12/2015 | 17/12/2015 | General Collection | |||||
| Library of Congress Classification | Kabarak, Main Campus | Kabarak, Main Campus | 17/12/2015 | KF9084 .G65 2012 c. 7 | 021424 | 17/12/2015 | 17/12/2015 | General Collection | |||||
| Library of Congress Classification | Kabarak, Main Campus | Kabarak, Main Campus | 17/12/2015 | KF9084 .G65 2012 c. 1 | 015926 | 17/12/2015 | 17/12/2015 | General Collection |